000
00288nam a22001217a 4500
008
171027b xxu||||| |||| 00| 0 eng d
041
_a
eng
080
_2
4 ED
_a
336
100
_a
55
101
_a
MEN
245
_a
THE FINANCIAL MANAGEMENT OF HOSPITAL
_c
BERMAN.H.J
942
_2
udc
_c
BK
999
_c
36065
_d
36065